| 000 | 00642nam a22001937a 4500 | ||
|---|---|---|---|
| 005 | 20130619111924.0 | ||
| 010 | _aENG-107441 | ||
| 020 |
_a9788184002836 _c299.00 |
||
| 035 | _aEN-90974 | ||
| 037 | _bDBAD/PUB | ||
| 082 | _a616.8527 | ||
| 100 | _aHingorrany, Seema | ||
| 245 |
_aBeating the blues : _cby Seema Hingorrany _ba complete guide to overcoming depression / |
||
| 260 |
_aNoida _bRandon House India _c2012 |
||
| 270 |
_aWindsor IT Park, 7th Floor, Tower-B, A-1,Sector-125 _bNoida _e201301 |
||
| 300 |
_axviii,202p. _c21cm(pbk) |
||
| 500 | _aincludes bibliographical references | ||
| 942 |
_2ddc _cEN _mHIN _h616.8527 |
||
| 999 |
_c76340 _d76340 |
||